Library management / (Record no. 63446)

MARC details
000 -LEADER
fixed length control field 00513nam a22001697a 4500
005 - DATE AND TIME OF LATEST TRANSACTION
control field 20180823132450.0
020 ## - INTERNATIONAL STANDARD BOOK NUMBER
International Standard Book Number 8126904526
Terms of availability 550.00
035 ## - SYSTEM CONTROL NUMBER
System control number B-160992, B-160991, B-160997, B-161006
037 ## - SOURCE OF ACQUISITION
Stock number DPL
Source of stock number/acquisition ENG
100 ## - MAIN ENTRY--PERSONAL NAME
Personal name Sharma, C. K.
245 ## - TITLE STATEMENT
Title Library management /
Statement of responsibility, etc by C. K. Sharma and Kiran Singh
250 ## - EDITION STATEMENT
Edition statement Vol. I
260 ## - PUBLICATION, DISTRIBUTION, ETC. (IMPRINT)
Place of publication, distribution, etc New Delhi
Name of publisher, distributor, etc Atlantic Publishers and Distributors
300 ## - PHYSICAL DESCRIPTION
Extent v, 255p.
Dimensions 18 cms.
700 ## - ADDED ENTRY--PERSONAL NAME
Personal name Singh, Kiran
9 (RLIN) 43010
942 ## - ADDED ENTRY ELEMENTS (KOHA)
Source of classification or shelving scheme Dewey Decimal Classification
Item type English Books
Classification part 025.1
Call number suffix SHA
Holdings
Withdrawn status Lost status Not for loan Collection code Home library Current library Date acquired Cost, normal purchase price Full call number Barcode Cost, replacement price Koha item type Materials specified (bound volume or other part) Source of acquisition
      Non-fiction Patel Nagar Patel Nagar 03/08/2018 550.00 025.1 SHA B-160991 550.00 English Books v.1 BPPD/PUB
      Non-fiction Sarojini Nagar Sarojini Nagar 25/02/2012 550.00 025.1 SHA B-160992 550.00 English Books    
      Non-fiction Shahdara Branch Shahdara Branch 23/08/2018 550.00 025.1 SHA B-160997 550.00 English Books   BPPD/PUB
      Non-fiction Shahdara Branch Shahdara Branch 23/08/2018 550.00 025.1 SHA B-161006 550.00 English Books   BPPD/PUB

© Delhi Public Library
Hit Counter
free hit counter